00615nam a22001817a 450000500170000001000150001702000260003203500140005803700130007208200120008510000200009724500900011726000420020727000800024930000390032950000380036870000270040620181006112451.0 aENG-124186 a9789352807222c325.00 aEN-107718 bDBAD/PUB00a338.954 aKashyap, Monika10a Economic reforms in india since 1991 /cby Monika Kashyap [and] Mahendra Babu Kuruva a New Delhi bSAGE Publications,c2018 aB1/I-1 Mohan Cooperative Industrial Area, Mathura Roadb New Delhi e110044 axxx,231p.(B-1p, I-1p)c24 cm.(pbk) aIt include bibliography and index a Kuruva, Mahendra Babu